Harry Potter (4) und der Feuerkelch Quiz - Statistiken

Allgemein
  • Dieses Quiz wurde 653 mal gespielt
    652 seit der letzten Aktualisierung
  • Das Durchschnittsergebnis liegt bei 10 aus 15
Antwortstatistiken
Frage Antwort % Korrekt
Mit wem geht Harry zum Weihnachtsball? Parvati Patil
94%
Wie heißt der Todesser, der Harry in das Turnier schmuggelt? Barty Crouch Jr.
90%
Mit wem unterhält sich Harry im Vertrauensschülerbad? Maulende Myrte
85%
Wer sitzt offiziell in der Jury des Trimagischen Turniers? Maxime, Karkaroff, Dumbledore, Bagman und Crouch
75%
Wieso müssen die Durmstrang Schüler ohne Karkaroff nach Hause fahren? er flieht
71%
Wie heißt der Gärtner der Riddles? Frank Bryce
71%
Wem schreiben Fred und George das ganze Jahr über heimlich Briefe? Ludo Bagman
66%
In dem selben Ort befindet sich ein Pub, wie heißt dieser? Der gehängte Mann
61%
Wie heißen die Wesen, die die Kutsche von Beauxbaton ziehen? Palominos
61%
Wie heißt der Ort in dem das Riddle Anwesen steht? Little Hangleton
59%
Worum geht es bei diesen Briefen? um Wettschulden
56%
Wie viel wetten Fred und George auf das WM Endspiel? 37 Galleonen, 15 Sickel, 3 Knuts und einen Juxzauberstab
55%
Wer gibt Harry das Dianthus-Kraut? Dobby
50%
Was sind die Maskottchen der Bulgaren bei der Quidditch WM? Veela
49%
Wie viele Punkte hat Harry vor der letzten Aufgabe? 85
36%
Keine übereinstimmenden Quizze gefunden
Verteilung der Resultate
Anzahl Personen mit jedem Resultat
Perzentil nach korrekt beantworteten Fragen
Ihre Resultats-Entwicklung
Sie haben dieses Quiz seit der letzten Aktualisierung nicht gespielt